000 00963cam a2200313Ia 4500
001 19464289
003 OCoLC
005 20230613210838.0
008 890327s1987 sp a j 000 1 spa d
020 _a8426122701
020 _a9788426122704
040 _aDPL
_cDPL
_dTXP
_dVPI
_dDMP
041 1 _aspa
_hger
090 _aPZ76.3.H45
_bPo 1987
092 _aSPANISH
_bjE
100 1 _aHeuck, Sigrid.
240 1 0 _aPony, Bar und Abendstern.
_lSpanish.
245 1 3 _aEl poni, el oso y la estrella /
_cpor Sigrid Heuck ; traducido del alem©Łn por Herminia Dauer.
246 1 0 _aEl poni, el oso y la estrella
250 _a1a ed.
260 _aBarcelona :
_bEditorial Juventud,
_c1987.
300 _a[26] p. :
_bcol. ill. ;
_c24 cm.
490 1 _aColección cuadrada.
500 _aTranslation of: Pony, Bar und Abendstern.
650 0 _aBears
_vJuvenile fiction.
650 0 _aHorses
_vJuvenile fiction.
830 0 _aColección cuadrada.
942 _cBK
999 _c17272
_d17272